| 000 | 00356nam a2200145Ia 4500 | ||
|---|---|---|---|
| 008 | 150201s2003 xx 000 0 und d | ||
| 082 |
_a611.0181 _bO2003G |
||
| 100 | _aGARANT, PR | ||
| 245 | _aORAL CELLS & TISSUES | ||
| 250 | _a1ST | ||
| 260 |
_bQUINTESSENCE PUBLICATION _aCHICAGO _c2003 |
||
| 300 | _a1-430 | ||
| 650 | _aDENTAL ANATOMY | ||
| 942 |
_2ddc _cBK |
||
| 999 |
_c4482 _d4482 |
||